000 00545nam a22001817a 4500
005 20251108171911.0
008 250721s2002 xx 000 0 ara d
082 1 4 _a640.42/مزا
100 1 _aعساكرية، سعاد
245 1 0 _aإقتصاديات الأسرة :
_bإدارة المنزل /
264 1 _aعمان :
_bدار الشروق للنشر،
_c2002.
300 _a212ص.
650 1 7 _aالإقتصاد المنزلي
650 1 7 _aالإدارة
700 1 _aحجازين، ليلى
942 _2ddc
_cBK
999 _c65506
_d65506